| 000 | 00499nam a2200169 a 4500 | ||
|---|---|---|---|
| 005 | 20140412111336.0 | ||
| 008 | 040525s19uu xx 00 eng d | ||
| 020 | _a0-15-325200-6 | ||
| 050 |
_aTR(GS 510.7 _bMa42 |
||
| 245 |
_aCalifornia planning and pacing guide : _bHarcourt math, Grade 2. |
||
| 260 |
_aOrlando : _bHarcourt, _c[n.d.] |
||
| 300 | _aCA212 p. | ||
| 440 | _aHarcourt Math | ||
| 650 |
_aMathematics _xStudy and teaching |
||
| 856 | 4 | _uhttp://www.harcourtschool.com | |
| 999 |
_c105042 _d105042 |
||